000 01193nam a22002057a 4500
999 _c7491
_d7491
003 OSt
005 20200311043313.0
008 200311b ||||| |||| 00| 0 eng d
020 _a9788170088530
082 _a526.9
_bPUM
100 _aPunmia, B.C
245 _aSurveying Vol. I
250 _a17th ed.
260 _bLaxmi Publications (P) Ltd
300 _axvi, 520 pp.
505 _aFundamentals Defintions and Concepts 2. Accuracy and Errors 3. Linear Measurements 4. Chain Surveying 5. The Compass 6. The Theodolite 7. Traverse Surveying 8. Omitted Measurement 9. Levelling 10. Contouring 11. Plane Table Surveying 12. Calculation of Area 13. Measurement of Volume 14. Minor Instruments 15. Trigonometrical Levelling 16. Permanent Adjustments of Levels 17. Precise Levelling 18. Permanent Adjustments of Theodolite 19. Precise Theodolites 20. Setting Out Works 21. Special Instruments 22. Tacheometric Surveying 23. Electronic Theodolites 24. Electro-Magnetic Distance Measurement (EDM) Appendix Index Subjects: Civil,Engineering and Technology
700 _aJain, Arun Kumar
700 _aJain, A. K.
942 _2ddc